000 00496nam a2200157 4500
001 148821
003 ES-MaACL
005 20230906202826.0
007 t|
008 070214s1950 ag r ||||1| spa d
100 1 _aSuárez, Jorge R. E.
_9108566
245 1 3 _aEl volumen-minuto cardíaco en condiciones normales y patológicas /
_cJorge R. E. Suárez.
260 _aBuenos Aires :
_bEl Ateneo,
_c1950 (
_fLumen)
300 _aXX, 450 p. :
_bil. ;
_c27 cm.
852 _aES-MaACL
_jD-7072
_bR.31606
999 _c148821
_d148821